00171nam a2200073Ia 4500008004100000082000800041100001400049245003400063240331s9999 xx 000 0 und d bVAS aVasanth,S 0aThakkayin meedhu nangu kangal